000 00210nam a2200097Ia 4500
008 190216s9999||||xx |||||||||||||| ||und||
100 _aAbu O
245 0 _aMuslim Rajya Charithram
260 _bNull
942 _cBK
999 _c22026
_d22026